000 009610000a22002290004500
020 _a0-8163-9901-8
041 0 _aSPA
082 0 4 _aG 173.1 P3931f
100 1 _aVan Pelt, Nancy L.
245 1 0 _aFelices para siempre. Guía para un matrimonio de éxito / Nancy Van Pelt ; Sergio Collins, Traductor
250 _a10
260 _aBogotá, Colombia : Asociación Publicadora Interamericana
300 _a192 Pag.
500 _aTítulo original : To have and to hold
505 0 0 _aen la buena o en la mala -- el amor conyugal -- la aceptación del cónyuge -- aprecie a su cónyuge -- la comunicación con el cónyuge -- cómo comprender a su cónyuge -- apoye a su cónyuge -- la satisfacción sexual del cónyuge -- la diversión en el matrimonio -- la religión en el hogar
650 1 4 _aMATRIMONIO
001 1290
942 _cBK
999 _c32613
_d32613
336 _atexto
_btxt
_2rdacontent
337 _2rdamedia
_asin mediación
_bn
338 _2rdacarrier
_avolumen
_bnc